[Event "13th EICC"]
[Site "Plovdiv BUL"]
[Date "2012.03.30"]
[Round "10.22"]
[White "Cheparinov, Ivan"]
[Black "Sjugirov, Sanan"]
[Result "0-1"]
[WhiteTitle "GM"]
[BlackTitle "GM"]
[WhiteElo "2664"]
[BlackElo "2610"]
[WhiteFideId "2905540"]
[BlackFideId "4189302"]
[EventDate "2012.03.20"]
[EventType "swiss"]

1. d4 Nf6 2. c4 e6 3. g3 d5 4. Nf3 Bb4+ 5. Bd2 Be7 6. Bg2 O-O 7. O-O c6 8. Qc2
b6 9. Rd1 Nbd7 10. Bf4 Ba6 11. b3 Rc8 12. Nc3 Qe8 13. e4 dxc4 14. Nb1 b5 15.
bxc4 bxc4 16. Nc3 Bb4 17. Rab1 Bxc3 18. Qxc3 Nxe4 19. Qa5 Bb5 20. a4 Bxa4 21.
Qxa4 Nc3 22. Qxc4 Nxd1 23. Bd6 Nxf2 24. Kxf2 Qd8 25. Rb7 Re8 26. Ne5 Nxe5 27.
dxe5 Qg5 28. Qf4 Qxf4+ 29. gxf4 a5 30. Rb6 a4 31. Ke3 a3 32. Rb1 Red8 33. Ra1
Ra8 34. Bxc6 Ra6 35. Bb5 Ra7 36. Rxa3 Rxa3+ 37. Bxa3 Rb8 38. Bc4 Rb1 39. Kf3 Rh1
40. Kg3 Rg1+ 41. Kf2 Ra1 42. Be7 Ra4 43. Be2 Rxf4+ 44. Bf3 Ra4 45. Kg3 Ra7 46.
Bd8 Rd7 47. Bg5 Rc7 48. Be3 Rc3 49. Bd4 Rc4 50. Be3 Ra4 51. h4 f6 52. exf6 gxf6
53. Bc6 Ra3 54. Kf2 Kf7 55. Be4 f5 56. Bc6 e5 57. Bg5 Ke6 58. Bg2 Ra4 59. Kf1
Ra2 60. Kg1 Rb2 61. Kf1 e4 62. Bf4 Kd5 63. Bh6 Rb6 64. Bf4 Kd4 65. Kf2 Rb2+ 66.
Kg3 e3 67. Bf3 Kd3 68. Bd6 Rb6 69. Bc7 Rb4 70. h5 Rb1 71. Kf4 Rf1 72. Bd8 e2 73.
Ba5 Kc4 74. h6 Kc5 75. Bc3 Kd6 0-1

[Event "13th EICC"]
[Site "Plovdiv BUL"]
[Date "2012.03.30"]
[Round "10.23"]
[White "Edouard, Romain"]
[Black "Fridman, Daniel"]
[Result "0-1"]
[WhiteTitle "GM"]
[BlackTitle "GM"]
[WhiteElo "2607"]
[BlackElo "2653"]
[WhiteFideId "633429"]
[BlackFideId "11600454"]
[EventDate "2012.03.20"]
[EventType "swiss"]

1. e4 c6 2. d4 d5 3. e5 c5 4. Nf3 Bg4 5. Bb5+ Nc6 6. dxc5 Qa5+ 7. Nc3 e6 8. Be3
Ne7 9. a3 O-O-O 10. b4 Bxf3 11. gxf3 Qc7 12. Bxc6 Nxc6 13. Bf4 a6 14. Bg3 g5 15.
O-O h5 16. b5 h4 17. bxc6 Qxc6 18. Qd3 Bxc5 19. Kg2 Rh5 20. Rh1 Rdh8 21. h3 hxg3
22. fxg3 Bb6 23. Na2 Kb8 24. Rab1 Qc5 25. Qe2 Ka7 26. Nb4 g4 27. Nd3 gxf3+ 28.
Kxf3 Qc6 29. h4 Rc8 30. Kg4 Rhh8 31. Rhf1 Qa4+ 32. Rf4 Rc4 33. Rb4 Rxf4+ 34.
Rxf4 Qxa3 35. Rxf7 a5 36. Kh3 a4 37. Rf4 d4 38. Rf7 Qc3 39. Qg2 Rb8 40. Rf1 a3
41. Nc1 Rc8 42. Rf7 Rc7 43. Rxc7 Bxc7 44. Qe2 Qa1 45. Qc4 Qxc1 46. Qxc7 Qf1+ 47.
Kh2 Qb5 48. Qd6 Qa4 49. Qc5+ Ka6 50. Qd6+ b6 51. Qxe6 Qxc2+ 52. Kh3 a2 53. Qd5
Qc8+ 0-1

[Event "13th EICC"]
[Site "Plovdiv BUL"]
[Date "2012.03.30"]
[Round "10.24"]
[White "Sokolov, Ivan"]
[Black "Grigoriants, Sergey"]
[Result "1/2-1/2"]
[WhiteTitle "GM"]
[BlackTitle "GM"]
[WhiteElo "2653"]
[BlackElo "2561"]
[WhiteFideId "14400030"]
[BlackFideId "4130804"]
[EventDate "2012.03.20"]
[EventType "swiss"]

1. d4 Nf6 2. c4 e6 3. Nc3 Bb4 4. e3 O-O 5. Bd3 c5 6. Nf3 d5 7. O-O dxc4 8. Bxc4
Nc6 9. a3 Bxc3 10. bxc3 Qc7 11. Ba2 h6 12. Re1 Rd8 13. e4 e5 14. d5 Ne7 15. Nh4
Qd6 16. f4 Nd7 17. c4 exf4 18. e5 Nxe5 19. Bxf4 Qf6 20. Bxe5 Qxh4 21. Bg3 Qg5
22. Bc7 Bh3 23. Qf3 Bg4 24. Qf2 Rd7 25. Bf4 Qf6 26. h3 Bf5 27. Bg3 Qg6 28. Bb3
b5 29. d6 Nc6 30. cxb5 Nd4 31. Bd5 Rad8 32. Rac1 Bd3 33. Bc6 Rxd6 34. Bxd6 Qxd6
35. a4 c4 36. Be4 a6 37. bxa6 Qxa6 38. Rcd1 Ne6 39. Bxd3 cxd3 40. Re4 Qc6 41.
Rb4 Qd5 42. Rb2 Ng5 43. Qe3 Ne4 44. a5 Nc3 45. Ra1 d2 46. Qxc3 d1=Q+ 47. Rxd1
Qxd1+ 48. Kh2 Qd6+ 49. Qg3 Qc5 50. a6 Rd1 51. Rf2 Qa7 52. Qf4 Ra1 53. Qe5 Rxa6
54. Qe8+ Kh7 55. Qxf7 1/2-1/2

[Event "13th EICC"]
[Site "Plovdiv BUL"]
[Date "2012.03.30"]
[Round "10.27"]
[White "Riazantsev, Alexander"]
[Black "Macieja, Bartlomiej"]
[Result "1-0"]
[WhiteTitle "GM"]
[BlackTitle "GM"]
[WhiteElo "2710"]
[BlackElo "2605"]
[WhiteFideId "4125029"]
[BlackFideId "1104306"]
[EventDate "2012.03.20"]
[EventType "swiss"]

1. d4 Nf6 2. c4 e6 3. Nf3 d5 4. Nc3 dxc4 5. e4 Bb4 6. Bg5 c5 7. Bxc4 cxd4 8.
Nxd4 Bxc3+ 9. bxc3 Qa5 10. Nb5 Nxe4 11. Bf4 O-O 12. O-O Nc6 13. Bc7 b6 14. Qf3
f5 15. Rfe1 Rf7 16. Bf4 Qa4 17. Rxe4 fxe4 18. Qxe4 Ba6 19. Qxe6 Rf8 20. Qxc6
Bxb5 21. Bxf7+ Rxf7 22. Qa8+ Rf8 23. Qd5+ Rf7 24. Be5 h6 25. Re1 Qc4 26. Qd8+
Kh7 27. Qd2 Rd7 28. Bd4 Re7 29. h3 Rxe1+ 30. Qxe1 Qe2 31. Qb1+ Bd3 32. Qb4 Qxa2
33. Qe7 Qg8 34. Qxa7 b5 35. Qe7 Bc4 36. Qe4+ Kh8 37. Qf4 Kh7 38. Qf5+ Kh8 39.
Qg6 Qh7 40. Qg3 Qg8 41. Qe5 Qf7 42. f4 Kh7 43. f5 Bd5 44. Kh2 Qd7 45. g4 Ba8 46.
Kg3 Qb7 47. Qe6 Qc7+ 48. Be5 Qc6 49. Qf7 Qb7 50. Qg6+ Kg8 51. Qe8+ Kh7 52. Kh4
Qc6 53. Qf7 Qb7 54. Qg6+ Kg8 55. Qe8+ Kh7 56. Bd4 Qc6 57. Qf7 Qb7 58. Qg6+ Kg8
59. Qe8+ Kh7 60. Qf8 b4 61. cxb4 Qd7 62. Qxg7+ Qxg7 63. Bxg7 Kxg7 64. b5 Kf6 65.
Kh5 Kg7 66. b6 Bd5 67. g5 hxg5 68. Kxg5 Kf7 69. h4 Bb7 70. h5 Bh1 71. h6 Bg2 72.
f6 1-0

[Event "13th EICC"]
[Site "Plovdiv BUL"]
[Date "2012.03.30"]
[Round "10.33"]
[White "Areshchenko, Alexander"]
[Black "Vajda, Levente"]
[Result "1-0"]
[WhiteTitle "GM"]
[BlackTitle "GM"]
[WhiteElo "2688"]
[BlackElo "2597"]
[WhiteFideId "14109530"]
[BlackFideId "1203975"]
[EventDate "2012.03.20"]
[EventType "swiss"]

1. e4 e5 2. Nf3 Nc6 3. Bb5 a6 4. Ba4 Nf6 5. O-O Be7 6. Re1 b5 7. Bb3 O-O 8. a4
b4 9. d3 d6 10. Nbd2 Rb8 11. h3 Be6 12. Nc4 Nd7 13. Be3 d5 14. exd5 Bxd5 15.
Ncd2 Nc5 16. Bc4 Ra8 17. d4 exd4 18. Nxd4 Nxd4 19. Bxd4 Ne6 20. Be5 c6 21. Qg4
Bd6 22. Bxd5 cxd5 23. Nf3 Bxe5 24. Nxe5 Qd6 25. Rad1 Rac8 26. Rd2 d4 27. b3 Rc5
28. Rde2 Qc7 29. Qe4 Rc3 30. h4 Qe7 31. Nd3 Rfc8 32. Qxd4 a5 33. Qe5 Qd8 34. Nf4
R3c6 35. Nxe6 Rxe6 36. Qb5 Rxc2 37. Rxe6 fxe6 38. g3 Qf8 39. Qb6 Qf7 40. Rxe6
Rc8 41. Qe3 h6 42. Re5 Qc7 43. Kh2 Rf8 44. Re8 Rxe8 45. Qxe8+ Kh7 46. Qe4+ Kh8
47. Qd5 Qc2 48. Kg2 Qc3 49. h5 Qc7 50. Kh3 Qc8+ 51. Kh4 Qc2 52. f3 Qc7 53. Kg4
Qc8+ 54. Kh4 Qc7 55. Kh3 Qc8+ 56. g4 Qc3 57. Kg3 Qc7+ 58. Kf2 Qc3 59. Ke2 Qc2+
60. Ke3 Qc3+ 61. Ke4 Qc7 62. Kf5 Qe7 63. Qe6 Qc5+ 64. Kg6 Qc2+ 65. Kf7 Qc7+ 66.
Qe7 Qf4+ 67. Kg6 1-0

[Event "13th EICC"]
[Site "Plovdiv BUL"]
[Date "2012.03.30"]
[Round "10.35"]
[White "Postny, Evgeny"]
[Black "Kuljasevic, Davorin"]
[Result "1/2-1/2"]
[WhiteTitle "GM"]
[BlackTitle "GM"]
[WhiteElo "2662"]
[BlackElo "2580"]
[WhiteFideId "2804344"]
[BlackFideId "14506661"]
[EventDate "2012.03.20"]
[EventType "swiss"]

1. d4 e6 2. c4 Bb4+ 3. Bd2 Bxd2+ 4. Qxd2 f5 5. g3 Nf6 6. Bg2 d6 7. Nf3 O-O 8.
O-O Nc6 9. d5 Ne5 10. Nd4 Nxc4 11. Qc2 exd5 12. Bxd5+ Nxd5 13. Qxc4 c6 14. Nc3
Qa5 15. Nxd5 cxd5 16. Qd3 f4 17. Rfd1 Bg4 18. Qd2 Qxd2 19. Rxd2 Rac8 20. Rad1
Bd7 21. Nc2 a5 22. gxf4 Rxf4 23. Ne3 Bc6 24. Nxd5 Rg4+ 25. Kf1 Re8 26. Rd4 Rxd4
27. Rxd4 Re5 28. Ne3 Rh5 29. h4 g5 30. Nf5 gxh4 31. Ne7+ Kf7 32. Nxc6 bxc6 33.
Rxd6 h3 34. Kg1 Rg5+ 35. Kh1 Rg2 36. Rxc6 Rxf2 37. Rc2 Ke6 38. b3 Rg2 39. Rc8
Kf5 40. Rf8+ Ke4 41. a3 Rg3 42. Rb8 Kd4 43. Rb5 Re3 44. a4 Kc3 45. Rxa5 Kxb3 46.
Ra7 Rxe2 47. a5 Kb4 48. a6 Kb5 49. Rxh7 Kxa6 50. Rxh3 1/2-1/2

[Event "13th EICC"]
[Site "Plovdiv BUL"]
[Date "2012.03.30"]
[Round "10.38"]
[White "Nevednichy, Vladislav"]
[Black "Rodshtein, Maxim"]
[Result "1/2-1/2"]
[WhiteTitle "GM"]
[BlackTitle "GM"]
[WhiteElo "2562"]
[BlackElo "2652"]
[WhiteFideId "1205730"]
[BlackFideId "2806851"]
[EventDate "2012.03.20"]
[EventType "swiss"]

1. e4 c5 2. Nf3 d6 3. d4 cxd4 4. Nxd4 Nf6 5. Nc3 a6 6. a4 Nc6 7. Be2 e5 8. Nf3
Be7 9. Bg5 Be6 10. O-O O-O 11. Bxf6 Bxf6 12. Nd5 Bg5 13. Nxg5 Qxg5 14. c3 Rac8
15. a5 Nb8 16. Nb6 Rc6 17. Ra4 Nd7 18. Nxd7 Bxd7 19. Rb4 Bh3 20. Bf3 Bc8 21. Qd3
Qd8 22. Ra4 Be6 23. c4 b6 24. axb6 Qxb6 25. b3 Rb8 26. Ra3 Qc7 27. h3 Rbb6 28.
Rfa1 Qc8 29. Qd1 g6 30. Bg4 Kg7 31. R1a2 h5 32. Bxe6 Qxe6 33. Rd2 Qc8 34. Rd3
Qb7 35. Kh2 Qc7 36. Qd2 Qe7 37. Ra5 Qh4 38. Qe3 Qf6 39. g3 Rb7 40. h4 Qe7 41.
Rad5 Qf6 42. Qd2 Rbb6 43. Kg2 Qe7 44. Qc3 Kh7 45. Kg1 Rb7 46. Qd2 Rbb6 47. Kg2
Kg7 48. Kh2 Qf6 49. Qe3 Rb7 50. Kg2 Rbb6 51. Qd2 Qe7 52. Qa5 Kh7 53. Qe1 Qf6 54.
Qd2 Qe7 55. Qg5 Qxg5 56. hxg5 Kg7 57. g4 hxg4 58. Kg3 Rb4 59. Ra5 Rcb6 60. Ra3
a5 61. Rc3 Ra6 62. Kxg4 a4 63. bxa4 Raxa4 64. Rxa4 Rxa4 65. f4 exf4 66. Kxf4 Kf8
67. c5 dxc5 1/2-1/2

[Event "13th EICC"]
[Site "Plovdiv BUL"]
[Date "2012.03.30"]
[Round "10.39"]
[White "Ipatov, Alexander"]
[Black "Timofeev, Artyom"]
[Result "1/2-1/2"]
[WhiteTitle "GM"]
[BlackTitle "GM"]
[WhiteElo "2561"]
[BlackElo "2650"]
[WhiteFideId "14116731"]
[BlackFideId "4140419"]
[EventDate "2012.03.20"]
[EventType "swiss"]

1. d4 Nf6 2. c4 g6 3. Nc3 d5 4. Nf3 Bg7 5. Bg5 Ne4 6. Bh4 Nxc3 7. bxc3 dxc4 8.
Qa4+ c6 9. Qxc4 Qa5 10. e4 Be6 11. Qd3 Nd7 12. Nd2 b5 13. Be2 Rd8 14. O-O Qa3
15. Qc2 Nb6 16. Nb3 Bc4 17. Bxc4 Nxc4 18. Nc5 h6 19. Rfb1 Na5 20. f4 g5 21. Bf2
gxf4 22. e5 h5 23. e6 Rd5 24. exf7+ Kxf7 25. Qe4 Bf6 26. Re1 Nc4 27. Qe6+ Kg7
28. Qxc6 Rxc5 29. dxc5 Qxc3 30. Rac1 Qb2 31. Qb7 Ne5 32. Rb1 Qxa2 33. Bd4 Kf7
34. Kh1 Rg8 35. Rb2 Qc4 36. Bxe5 Bxe5 37. Rbe2 Rg5 38. c6 Bf6 39. Rxe7+ Kg6 40.
R7e4 Qc3 41. Qc8 f3 42. Qe8+ Kh6 43. Qf8+ Kg6 44. Qe8+ Kh6 45. Qf8+ 1/2-1/2

[Event "13th EICC"]
[Site "Plovdiv BUL"]
[Date "2012.03.30"]
[Round "10.40"]
[White "Mastrovasilis, Dimitrios"]
[Black "Maze, Sebastien"]
[Result "1/2-1/2"]
[WhiteTitle "GM"]
[BlackTitle "GM"]
[WhiteElo "2631"]
[BlackElo "2577"]
[WhiteFideId "4202694"]
[BlackFideId "613762"]
[EventDate "2012.03.20"]
[EventType "swiss"]

1. e4 e5 2. Nf3 Nc6 3. Bb5 a6 4. Ba4 Nf6 5. O-O b5 6. Bb3 Bc5 7. d3 d6 8. a4 Rb8
9. h3 h6 10. axb5 axb5 11. Nc3 O-O 12. Nd5 Nxd5 13. Bxd5 Ne7 14. Bb3 Ng6 15. Nh2
Kh7 16. Be3 Bb6 17. Qh5 Be6 18. Bxe6 fxe6 19. Bxb6 Rxb6 20. g3 Rb8 21. Ng4 Ra8
22. Ne3 Qf6 23. Qe2 Qg5 24. Qg4 Qf6 25. Qe2 Qg5 26. Qg4 Qf6 27. Qe2 1/2-1/2

[Event "13th EICC"]
[Site "Plovdiv BUL"]
[Date "2012.03.30"]
[Round "10.44"]
[White "Volkov, Sergey"]
[Black "Yilmaz, Mustafa"]
[Result "1-0"]
[WhiteTitle "GM"]
[BlackTitle "IM"]
[WhiteElo "2623"]
[BlackElo "2530"]
[WhiteFideId "4122763"]
[BlackFideId "6302718"]
[EventDate "2012.03.20"]
[EventType "swiss"]

1. d4 d5 2. c4 c6 3. Nc3 Nf6 4. e3 a6 5. Nf3 Bf5 6. Qb3 Ra7 7. Nh4 Be6 8. c5 g6
9. Qc2 Bg7 10. Bd3 O-O 11. O-O Ng4 12. h3 Nh6 13. Bd2 Bc8 14. Nf3 Bf5 15. e4
dxe4 16. Nxe4 Be6 17. Ng3 Bd5 18. Qc1 Bxf3 19. gxf3 Qxd4 20. Be4 f5 21. Bxh6
fxe4 22. Rd1 Bxh6 23. Qxh6 Qxc5 24. Nxe4 Qh5 25. Qe3 c5 26. Qb3+ Kg7 27. Qc3+
Kg8 28. Qc4+ Kh8 29. Qc3+ Kg8 30. Nxc5 Qxf3 31. Qc4+ Qf7 32. Qe2 e5 33. Qe3 b5
34. Ne6 Re8 35. Ng5 Qe7 36. Rac1 Rc7 37. Ne4 Rf8 38. Qb3+ Kh8 39. Rxc7 Qxc7 40.
Qe6 Kg7 41. b4 Kh8 42. a3 Kg7 43. Nd6 Kh8 44. Ne4 Kg7 45. Nc5 Kh6 46. Rd2 Rf5
47. Qe8 e4 48. Qxe4 Rg5+ 49. Kf1 Qh2 50. Qe3 Qg1+ 51. Ke2 Kh5 52. Ne4 1-0

[Event "13th EICC"]
[Site "Plovdiv BUL"]
[Date "2012.03.30"]
[Round "10.45"]
[White "Heberla, Bartlomiej"]
[Black "Salgado Lopez, Ivan"]
[Result "0-1"]
[WhiteTitle "GM"]
[BlackTitle "GM"]
[WhiteElo "2525"]
[BlackElo "2621"]
[WhiteFideId "1115120"]
[BlackFideId "2257327"]
[EventDate "2012.03.20"]
[EventType "swiss"]

1. c4 b6 2. d4 Bb7 3. Nc3 e6 4. a3 Nf6 5. Nf3 g6 6. Qc2 Bg7 7. e4 O-O 8. Bd3 d6
9. O-O Nbd7 10. h3 h6 11. Re1 a6 12. Bd2 e5 13. d5 Nh5 14. b4 Nf4 15. Bf1 Nh5
16. Bd3 Nf4 17. Bf1 Nh5 18. g3 Nhf6 19. Be3 Qe7 20. Bd3 c6 21. dxc6 Bxc6 22. Nd2
Rac8 23. Nb3 Bb7 24. Kh2 h5 25. Qe2 b5 26. c5 Rfd8 27. Rac1 dxc5 28. Nxc5 Nxc5
29. Bxc5 Qe6 30. Bb1 Qb3 31. Qa2 Qxa2 32. Bxa2 Bh6 33. Rc2 Bf8 34. Bxf8 Kxf8 35.
Bb1 Rc4 36. Rec1 g5 37. Kg1 g4 38. hxg4 hxg4 39. Re1 Nxe4 40. Nxe4 Rxe4 41. Rcc1
Rxe1+ 42. Rxe1 f6 43. Be4 Bxe4 44. Rxe4 Rd4 45. Re3 Ke7 46. Kf1 Kd6 47. Ke2 f5
48. Rc3 Rc4 49. Rd3+ Ke6 50. Rb3 e4 51. Kd2 Kd5 52. Re3 Kd4 53. Rb3 Rc6 54. Re3
Rh6 55. Rb3 Rh2 56. Ke2 Rh1 0-1

[Event "13th EICC"]
[Site "Plovdiv BUL"]
[Date "2012.03.30"]
[Round "10.46"]
[White "Andriasian, Zaven"]
[Black "Huschenbeth, Niclas"]
[Result "1/2-1/2"]
[WhiteTitle "GM"]
[BlackTitle "GM"]
[WhiteElo "2616"]
[BlackElo "2509"]
[WhiteFideId "13302000"]
[BlackFideId "24604747"]
[EventDate "2012.03.20"]
[EventType "swiss"]

1. e4 c5 2. Nf3 d6 3. d4 cxd4 4. Nxd4 Nf6 5. Nc3 a6 6. Be3 Ng4 7. Bg5 h6 8. Bh4
g5 9. Bg3 Bg7 10. Be2 h5 11. Bxg4 Bxg4 12. f3 Be6 13. Qd2 Qa5 14. O-O Nd7 15.
Nb3 Bxc3 16. bxc3 Qc7 17. Qxg5 Qxc3 18. Be1 Qe5 19. Qe3 Rc8 20. Nd4 Rg8 21. Bg3
Qc5 22. Kh1 Ne5 23. Rfe1 Nc4 24. Qg1 Bd7 25. Bf2 Qg5 26. Rad1 b5 27. Rd3 b4 28.
Nb3 Be6 29. Nd4 Qa5 30. Ra1 Ne5 31. Re3 Bd7 32. a3 Bh3 33. g3 h4 34. Qe1 hxg3
35. Bxg3 Rc4 36. axb4 Qxb4 37. c3 Qb2 38. Ne2 Qb6 39. Nf4 Be6 40. Nxe6 fxe6 41.
Bxe5 dxe5 42. Rb1 Qa7 43. Rd3 Rc8 44. Qh4 Kf7 45. Qh5+ Rg6 46. Rf1 Qb8 47. f4
Rh8 48. fxe5+ Kg7 49. Qf3 Rf8 50. Qxf8+ Qxf8 51. Rxf8 Kxf8 52. Rd8+ 1/2-1/2

[Event "13th EICC"]
[Site "Plovdiv BUL"]
[Date "2012.03.30"]
[Round "10.47"]
[White "Mastrovasilis, Athanasios"]
[Black "Markowski, Tomasz"]
[Result "1/2-1/2"]
[WhiteTitle "GM"]
[BlackTitle "GM"]
[WhiteElo "2510"]
[BlackElo "2612"]
[WhiteFideId "4201990"]
[BlackFideId "1105680"]
[EventDate "2012.03.20"]
[EventType "swiss"]

1. c4 c5 2. Nc3 g6 3. g3 Bg7 4. Bg2 Nc6 5. Nf3 d6 6. O-O e6 7. e3 Nge7 8. d4 O-O
9. b3 b6 10. Bb2 Ba6 11. dxc5 bxc5 12. Qc1 Qc7 13. Nb5 Qb8 14. Bxg7 Kxg7 15.
Qb2+ e5 16. Rad1 Rd8 17. Nxd6 Rxd6 18. Nxe5 f6 19. Nd7 Qc7 20. Nxc5 Bc8 21. Ne4
Re6 22. Ng5 Re5 23. f4 Rxe3 24. Ne4 Rxe4 25. Bxe4 Bf5 26. Rfe1 Rd8 27. Bf3 Kf7
28. Qf2 Rxd1 29. Rxd1 Nb4 30. a3 Nd3 31. Qe3 Nc5 32. b4 Ne6 33. c5 h5 34. Rd6
Nf8 35. Qd4 Be6 36. Be4 Qb8 37. c6 Qb5 38. c7 Qe2 39. Qd3 Qb2 40. Qe3 Qa1+ 41.
Kf2 Qa2+ 42. Rd2 Qc4 43. Rc2 Qa6 44. Bd3 Qb7 45. Be4 Qa6 46. Rc5 Qd6 47. Bb7 Bc8
48. Be4 Ne6 49. Rc2 a6 50. Qd3 Qb6+ 51. Qe3 Qd6 52. Qd3 Qb6+ 53. Qe3 Qd6 54. Rc3 1/2-1/2

[Event "13th EICC"]
[Site "Plovdiv BUL"]
[Date "2012.03.30"]
[Round "10.50"]
[White "Fodor, Tamas Jr."]
[Black "Erdos, Viktor"]
[Result "1/2-1/2"]
[WhiteTitle "FM"]
[BlackTitle "GM"]
[WhiteElo "2482"]
[BlackElo "2631"]
[WhiteFideId "723762"]
[BlackFideId "719978"]
[EventDate "2012.03.20"]
[EventType "swiss"]

1. d4 Nf6 2. c4 g6 3. Nc3 d5 4. Bg5 Bg7 5. Bxf6 Bxf6 6. cxd5 c6 7. e4 O-O 8. e5
Bg7 9. Bc4 b5 10. Bb3 b4 11. Na4 cxd5 12. Ne2 e6 13. O-O Ba6 14. Nc5 Bxe2 15.
Qxe2 Nd7 16. Rac1 Nxc5 17. Rxc5 a5 18. Ba4 Qh4 19. Rd1 Rfc8 20. g3 Qd8 21. Rdc1
Bf8 22. Rxc8 Rxc8 23. Rxc8 Qxc8 24. Qc2 Qxc2 25. Bxc2 Be7 26. f4 f5 27. h4 Bd8
28. Kf2 Bb6 29. Ke3 Kf7 30. Ba4 Ke7 31. b3 h5 32. Kd3 Ba7 33. Ke3 Bb6 34. Kd3
Bd8 35. Ke3 Bc7 36. Kd3 Bb8 37. Ke3 Ba7 38. Kd3 Bb6 39. Ke3 Ba7 40. Kd3 Bb6 41.
Ke3 1/2-1/2

[Event "13th EICC"]
[Site "Plovdiv BUL"]
[Date "2012.03.30"]
[Round "10.52"]
[White "Socko, Bartosz"]
[Black "Popov, Valerij"]
[Result "0-1"]
[WhiteTitle "GM"]
[BlackTitle "GM"]
[WhiteElo "2647"]
[BlackElo "2546"]
[WhiteFideId "1107038"]
[BlackFideId "4119410"]
[EventDate "2012.03.20"]
[EventType "swiss"]

1. e4 c6 2. Nc3 d5 3. Nf3 Bg4 4. h3 Bxf3 5. Qxf3 e6 6. d3 Nd7 7. a3 g6 8. g3 Bg7
9. Bd2 Ne7 10. Bg2 Qb6 11. Rb1 O-O 12. O-O Rae8 13. Qe2 f5 14. Kh2 Kh8 15. Qe1
a6 16. f4 e5 17. exd5 Nxd5 18. fxe5 Bxe5 19. Nxd5 cxd5 20. Qf2 Qxf2 21. Rxf2 Nf6
22. Bf3 Ne4 23. dxe4 fxe4 24. Re1 Bxb2 25. Bb4 exf3 26. Rxf3 Rxe1 27. Rxf8+ Kg7
28. Rf2 Rd1 29. c4 Bd4 30. Rc2 Be5 31. Re2 Kf6 32. cxd5 Rxd5 33. Re3 a5 34. Be1
a4 35. Kg2 Bd6 36. g4 Rb5 37. Re4 Rb2+ 38. Kf1 Rb1 39. Ke2 b5 40. Re3 Rb2+ 41.
Kd3 Rb3+ 42. Bc3+ Kf7 43. Kc2 Rxa3 44. Rf3+ Ke6 45. Re3+ Kd7 46. Rd3 Rb3 47. Rd1
Kc6 48. Ra1 Rxc3+ 0-1

[Event "13th EICC"]
[Site "Plovdiv BUL"]
[Date "2012.03.30"]
[Round "10.53"]
[White "Nyback, Tomi"]
[Black "Michalik, Peter"]
[Result "1-0"]
[WhiteTitle "GM"]
[BlackTitle "GM"]
[WhiteElo "2636"]
[BlackElo "2529"]
[WhiteFideId "503142"]
[BlackFideId "14907526"]
[EventDate "2012.03.20"]
[EventType "swiss"]

1. d4 d5 2. c4 c6 3. Nf3 Nf6 4. e3 Bg4 5. Qb3 Qb6 6. Nc3 e6 7. Nh4 Bh5 8. h3
Qxb3 9. axb3 Na6 10. g4 Nb4 11. Ke2 g5 12. gxh5 gxh4 13. Bg2 Nxh5 14. Ra4 Na6
15. e4 dxe4 16. Bxe4 O-O-O 17. Bxc6 bxc6 18. Rxa6 Kb7 19. Ra5 f5 20. Bg5 Rd7 21.
Rha1 Ka8 22. Na4 Rb7 23. Ra6 Rxb3 24. Nb6+ Kb8 25. Nd7+ Kc7 26. Rxa7+ Rb7 27.
Bd8+ 1-0

[Event "13th EICC"]
[Site "Plovdiv BUL"]
[Date "2012.03.30"]
[Round "10.54"]
[White "Gabrielian, Artur"]
[Black "Mamedov, Rauf"]
[Result "1/2-1/2"]
[WhiteTitle "GM"]
[BlackTitle "GM"]
[WhiteElo "2554"]
[BlackElo "2624"]
[WhiteFideId "4131002"]
[BlackFideId "13401653"]
[EventDate "2012.03.20"]
[EventType "swiss"]

1. e4 c5 2. Nf3 d6 3. d4 Nf6 4. Nc3 cxd4 5. Nxd4 Nbd7 6. Bc4 g6 7. f3 Bg7 8. Be3
Ne5 9. Bb3 Bd7 10. Qd2 Rc8 11. O-O-O h5 12. h3 a5 13. f4 Nc6 14. Nf3 Qc7 15. Ng5
O-O 16. g4 Nb4 17. e5 dxe5 18. gxh5 a4 19. Bxf7+ Rxf7 20. Nxf7 Bf5 21. hxg6 Nfd5
22. Nxd5 Qxc2+ 23. Qxc2 Rxc2+ 24. Kb1 Re2+ 25. Ka1 Nc2+ 26. Kb1 Nxe3+ 27. Ka1
Nc2+ 28. Kb1 Nb4+ 29. Ka1 Nc2+ 30. Kb1 Nb4+ 31. Ka1 1/2-1/2

[Event "13th EICC"]
[Site "Plovdiv BUL"]
[Date "2012.03.30"]
[Round "10.55"]
[White "Prohaszka, Peter2"]
[Black "Delchev, Aleksander"]
[Result "1/2-1/2"]
[WhiteTitle "GM"]
[BlackTitle "GM"]
[WhiteElo "2553"]
[BlackElo "2622"]
[WhiteFideId "726265"]
[BlackFideId "2900394"]
[EventDate "2012.03.20"]
[EventType "swiss"]

1. d4 d5 2. c4 dxc4 3. Nf3 Nf6 4. e3 Bg4 5. Bxc4 e6 6. Nc3 Nbd7 7. h3 Bh5 8. O-O
Bb4 9. Qb3 c5 10. a3 Bxc3 11. bxc3 Qc7 12. a4 O-O 13. Nd2 Nb6 14. Ba3 Rfc8 15.
Rfc1 Nxc4 16. Qxc4 Nd7 17. Nb3 Bg6 18. dxc5 b6 19. Rd1 Bc2 20. Rd2 Bxb3 21. Qxb3
Nxc5 22. Bxc5 Qxc5 23. a5 bxa5 24. Rd7 Rab8 25. Qa4 Qf5 26. Qf4 Qxf4 27. exf4
Rxc3 28. Rxa5 g6 29. Raxa7 Rf8 30. g3 h5 31. h4 Rc5 32. Kg2 Rf5 33. Re7 Rd5 34.
Rab7 Rf5 35. Ra7 Rd5 36. Kf3 Rb5 37. Rac7 Ra5 38. Rb7 Rd5 39. Kg2 Ra5 40. Rbc7
Rf5 41. Ra7 1/2-1/2

[Event "13th EICC"]
[Site "Plovdiv BUL"]
[Date "2012.03.30"]
[Round "10.56"]
[White "Lupulescu, Constantin"]
[Black "Marin, Mihail"]
[Result "1/2-1/2"]
[WhiteTitle "GM"]
[BlackTitle "GM"]
[WhiteElo "2616"]
[BlackElo "2539"]
[WhiteFideId "1207822"]
[BlackFideId "1200020"]
[EventDate "2012.03.20"]
[EventType "swiss"]

1. d4 e6 2. c4 Bb4+ 3. Nc3 c5 4. Nf3 cxd4 5. Nxd4 Nf6 6. g3 Qc7 7. Bg2 Qxc4 8.
O-O O-O 9. Bg5 Nc6 10. Bxf6 gxf6 11. e3 Nxd4 12. exd4 d5 13. Rc1 Qa6 14. Qg4+
Kh8 15. Qh4 Kg7 16. Qg4+ Kh8 17. Qh4 Kg7 18. Qg4+ 1/2-1/2

[Event "13th EICC"]
[Site "Plovdiv BUL"]
[Date "2012.03.30"]
[Round "10.58"]
[White "Cornette, Matthieu"]
[Black "Howell, David W L"]
[Result "0-1"]
[WhiteTitle "GM"]
[BlackTitle "GM"]
[WhiteElo "2545"]
[BlackElo "2614"]
[WhiteFideId "620084"]
[BlackFideId "410608"]
[EventDate "2012.03.20"]
[EventType "swiss"]

1. Nf3 Nf6 2. c4 e6 3. g3 d5 4. Bg2 dxc4 5. Na3 Bxa3 6. bxa3 Nc6 7. Bb2 O-O 8.
Qc2 e5 9. O-O Be6 10. Ng5 Bd5 11. e4 Be6 12. Nxe6 fxe6 13. Qxc4 Qd6 14. Rad1 Nd7
15. d4 Nb6 16. Qe2 Nxd4 17. Bxd4 exd4 18. e5 Qd7 19. Bxb7 Rab8 20. Be4 g6 21.
Qc2 c5 22. Qxc5 Rfd8 23. Qc1 Qg7 24. Rfe1 Rbc8 25. Qg5 Na4 26. Rc1 Nc3 27. Bd3
Rd5 28. f4 Rdc5 29. Rc2 Rb8 30. h4 Kh8 31. Kh2 Rc7 32. h5 gxh5 33. Qxh5 Rg8 34.
Qh3 Qe7 35. Rf1 Qxa3 36. Qxe6 Nd5 37. Rd2 Ne3 38. Rb1 Qc3 39. Rbb2 Nf1+ 40. Kh3
Nxd2 0-1